000 00723nam a2200229 a 4500
001 BRL_500
005 20190320210754.0
008 210813s1967----gw-abo####---#000-0#ger-#
041 _ager
044 _agw
050 4 _aN5305
_b.K86 20 1967
100 1 _aDu Bourguet, Pierre
_924117
245 1 0 _aDie Kopten
_cVon P. Du Bourguet S.J.
260 _aGermany
_bHolle-Verlag Baden-Baden
_c1967
300 _a237 p.
_bil. (algunas a color), mapas
_c23 cm.
440 0 _aKunst der Welt; ihre geschichtlichen, soziologischen und religiösen Grundlagen
_pDie aussereuropäischen Kulturen
_v20
_924118
500 _aAu516
500 _aBibliografía: p.221-224
650 1 4 _aArte copto
_924119
902 _aGRL
942 _2lcc
_cB
999 _c9312
_d9312